000 00355nam a22001337a 4500
082 _aP-320
100 _aShahbaz
_947721
245 _aCauses of Time and Cost Over Run in the Construction Project of Pakistan
260 _aRisalpur Cantt
_bMCE
300 _aP112
526 _a0
_b0
_c0
_dP_320
700 _aHamza Farooq Gabriel
_948058
942 _2ddc
_cBK
999 _c551096
_d551096